000 00562nam a2200181Ia 4500
008 100917s9999 xx 000 0 und d
082 _b35885
100 _aमहाजनी ह. रा.
245 _aगुन्हेगाराची कैफियत
260 _bकमलिनी फडके
_c1979
300 _a102
365 _b15
520 _aकथा
630 _aगुन्हेगाराची कैफियत
650 _aकथा
730 _aगुन्हेगाराची कैफियत
942 _cBOOK
999 _c641279
_d641276